Verbálna manipulácia
Enregistré dans:
| Auteur principal: | |
|---|---|
| Format: | Livre |
| Langue: | slovaque |
| Publié: |
Banská Bystrica
Signis
2019
|
| Édition: | 2. upravené a prepracované vydanie |
| Sujets: | |
| Tags: |
Pas de tags, Soyez le premier à ajouter un tag!
|
MARC
| LEADER | 00000nam a2200000 4500 | ||
|---|---|---|---|
| 001 | 0264114 | ||
| 005 | 20240221113306.3 | ||
| 020 | |a 978-80-99936-02-8 | ||
| 041 | 0 | |a slo | |
| 044 | |a SK | ||
| 245 | 1 | 0 | |a Verbálna manipulácia |c Eva Čulenová |
| 250 | |a 2. upravené a prepracované vydanie | ||
| 264 | 1 | |a Banská Bystrica |b Signis |c 2019 | |
| 300 | |a 233 s. | ||
| 610 | 2 | 0 | |a spoločnosť |
| 610 | 2 | 0 | |a manipulátory |
| 610 | 2 | 0 | |a technika |
| 610 | 2 | 0 | |a výskum |
| 610 | 2 | 0 | |a psychológia |
| 610 | 2 | 0 | |a psychiatria |
| 610 | 2 | 0 | |a jazykoveda |
| 610 | 2 | 0 | |a prostriedky masovokomunikačné |
| 100 | 1 | |a Čulenová, Eva | |